| 000 | 00418nam a2200169Ia 4500 | ||
|---|---|---|---|
| 005 | 20250423101612.0 | ||
| 008 | 250422s9999 xx 000 0 und d | ||
| 020 | _a978- 0- 324- 59605- 2 | ||
| 050 | _aQA 76.5 .M644/ | ||
| 100 | _aDeborah Morley | ||
| 245 | 0 | _aUnderstanding computers in a changing society | |
| 250 | _a3rd ed. | ||
| 260 | _bCengage learning | ||
| 260 | _c2009 | ||
| 300 | _a359 p | ||
| 942 | _cBK | ||
| 999 |
_c36729 _d36729 |
||